000 00461nam a2200181Ia 4500
005 20250423094812.0
008 250422s9999 xx 000 0 und d
020 _a0-13-096277-5
050 _aQA 76.64.C634/
100 _aRonan Geraghty
245 0 _aCom-Corba: Interoperability
260 _aNew Jersey
260 _bPrentice Hall PTR, Upper Saddle River,
260 _c1999
300 _a243 p
650 _aCom-Corba: Interoperability
942 _cBK
999 _c28332
_d28332